| 000 | 00414nam a2200181Ia 4500 | ||
|---|---|---|---|
| 008 | 170918s9999 xx 000 0 und d | ||
| 020 | _a978440241584 | ||
| 050 | _bG869br 2005 | ||
| 100 | _aGrisham, John | ||
| 245 | 4 | _aThe broker / | |
| 245 | _cby John Grisham. | ||
| 260 | _aCanada : | ||
| 260 | _bDell Book, | ||
| 260 | _c2005 | ||
| 300 | _a422 pages : | ||
| 300 | _billustrations ; | ||
| 300 | _c17cm. | ||
| 999 |
_c343398 _d343398 |
||